Statistics for Countries With Wild Jaguars

Click here to take the quiz!

General Stats

  • This quiz has been taken 128 times
    (118 since last reset)
  • The average score is 17 of 19

Answer Stats

Country% Correct
Argentina
96%
Brazil
96%
Venezuela
96%
Peru
95%
Costa Rica
92%
Guyana
92%
Mexico
92%
Panama
92%
Bolivia
91%
Colombia
91%
Ecuador
91%
United States
91%
Paraguay
90%
Suriname
90%
Nicaragua
89%
Honduras
88%
Belize
86%
Guatemala
86%
France (French Guiana)
66%

Score Distribution

Percentile by Number Answered

Percent of People with Each Score

Your Score History

You have not taken this quiz since the last reset